[Event "ch-USA w 2025"]
[Site "Saint Louis USA"]
[Date "2025.10.19"]
[Round "7.5"]
[White "Cervantes Landeiro, Thalia"]
[Black "Sargsyan, Anna M."]
[Result "0-1"]
[WhiteTitle "FM"]
[BlackTitle "IM"]
[WhiteElo "2311"]
[BlackElo "2369"]
[WhiteFideId "3520498"]
[BlackFideId "13308130"]
[EventDate "2025.10.12"]

1. d4 Nf6 2. Nf3 d5 3. Bf4 e6 4. e3 b6 5. c3 Bb7 6. Nbd2 Be7 7. Bd3 O-O 8. h4
Nbd7 9. h5 Ne4 10. Ne5 f6 11. Ng6 Re8 12. Nxe7+ Qxe7 13. Nxe4 dxe4 14. Bc4 Kh8
15. Qg4 Nf8 16. Qg3 Rac8 17. O-O-O a6 18. f3 b5 19. Bb3 a5 20. Bc2 h6 21. Qg4 c5
22. fxe4 b4 23. d5 c4 24. dxe6 b3 25. Bb1 bxa2 26. Bxa2 Qxe6 27. Qxe6 Nxe6 28.
e5 fxe5 29. Bxe5 Nc5 30. Bg3 Rxe3 31. Bf2 Nd3+ 32. Kd2 Re7 33. Bd4 Bxg2 34. Rhg1
Bf3 35. Bxc4 Rxc4 36. Kxd3 Be2+ 37. Kd2 Bxd1 38. Kxd1 Rd7 39. Rg4 Kh7 40. Kd2
Rcc7 41. Kc2 Rd5 42. Rh4 Rb5 43. Kb1 Kg8 44. Ka2 Rg5 45. Ka3 Kf7 46. b3 Ke6 47.
Ka4 Rf7 48. Be3 Rg3 49. Bd4 Rf5 50. Rh2 Rgg5 51. c4 Kf7 52. Bb6 Rxh5 53. Rc2 Rh1
54. c5 Ra1+ 55. Kb5 Ra3 56. Bxa5 Rxb3+ 57. Ka6 g5 58. Bb6 Rf1 59. Kb7 g4 60. Ra2
g3 61. Kc6 Rf2 62. Ra7+ Kg6 63. Ra8 g2 64. Bc7 Kh5 65. Bh2 Rh3 0-1

[Event "ch-USA w 2025"]
[Site "Saint Louis USA"]
[Date "2025.10.19"]
[Round "7.6"]
[White "Paragua, Megan Althea"]
[Black "Atwell, Rose"]
[Result "0-1"]
[WhiteTitle "FM"]
[BlackTitle "FM"]
[WhiteElo "2259"]
[BlackElo "2353"]
[WhiteFideId "30973007"]
[BlackFideId "30951011"]
[EventDate "2025.10.12"]

1. e4 c6 2. d4 d5 3. exd5 cxd5 4. c4 Nf6 5. Nc3 e6 6. c5 Be7 7. Nf3 O-O 8. Bd3
b6 9. b4 a5 10. Na4 Nbd7 11. a3 axb4 12. axb4 bxc5 13. bxc5 e5 14. Nxe5 Nxe5 15.
dxe5 Ne4 16. Bd2 Nxd2 17. Qxd2 Bd7 18. Bc2 Bb5 19. Ra2 Bxc5 20. Nxc5 Rxa2 21.
Bxh7+ Kxh7 22. Qxa2 Qg5 23. Qb1+ Kh8 24. Qxb5 Qc1+ 25. Ke2 Qxh1 26. Nd7 Rd8 27.
Qa5 Rc8 28. Qxd5 Qb1 29. Ke3 Qc1+ 30. Ke2 Rc2+ 31. Kf3 Rc3+ 32. Ke4 Rc4+ 33. Kd3
Qc2+ 34. Ke3 Qb3+ 0-1

[Event "ch-USA w 2025"]
[Site "Saint Louis USA"]
[Date "2025.10.20"]
[Round "8.1"]
[White "Atwell, Rose"]
[Black "Zatonskih, Anna"]
[Result "1/2-1/2"]
[WhiteTitle "FM"]
[BlackTitle "IM"]
[WhiteElo "2353"]
[BlackElo "2310"]
[WhiteFideId "30951011"]
[BlackFideId "14101572"]
[EventDate "2025.10.12"]

1. Nf3 d5 2. b3 Bf5 3. Bb2 e6 4. g3 h6 5. Bg2 Nf6 6. c4 c6 7. O-O Be7 8. d3 O-O
9. Nbd2 Bh7 10. Qc2 a5 11. a3 Na6 12. Bc3 Re8 13. Qb2 Nc5 14. Rfc1 Rc8 15. Bd4
Ncd7 16. b4 axb4 17. axb4 Bd6 18. Ne5 Nxe5 19. Bxe5 Bxe5 20. Qxe5 Bg6 21. Nb3
Ra8 22. Rxa8 Qxa8 23. Ra1 Qb8 24. Qxb8 Rxb8 25. Ra7 b6 26. Nd4 Rc8 27. b5 cxb5
28. cxb5 Rc1+ 29. Bf1 Kh7 30. Rb7 e5 31. Nf3 Ng4 32. h3 e4 33. dxe4 dxe4 34. Nh4
Nh2 35. Kxh2 Rxf1 36. Kg2 Re1 37. e3 f5 38. Nxg6 Kxg6 39. Rxb6+ Kh5 40. g4+ fxg4
41. hxg4+ Kh4 42. Re6 Rb1 43. Rxe4 Rxb5 44. Kf3 h5 45. Rd4 g5 46. gxh5+ Kxh5 47.
Kg3 Rb3 48. Rd6 Ra3 49. Re6 Ra4 50. e4 Ra3+ 51. f3 Ra2 52. Rf6 Re2 53. Rd6 Ra2
54. Rc6 Rb2 55. Ra6 Rc2 56. Ra5 Kg6 57. Ra6+ Kh5 58. Ra3 Kg6 59. Ra8 Kh5 60. Rg8
Ra2 61. Rh8+ Kg6 62. Rh2 Ra1 63. Rb2 Kh5 64. Kf2 Ra4 65. Rb8 Ra2+ 66. Kg3 Kg6
67. Rh8 Rb2 68. Rh2 Rb1 69. Rd2 Ra1 70. Kf2 Kh5 71. Rd8 Ra3 72. Ke2 Kh4 73. e5
Kg3 74. Rf8 Ra5 75. Rf5 g4 76. f4 Ra2+ 77. Ke3 Ra3+ 78. Ke4 Ra4+ 79. Kd3 Ra3+
80. Kc4 Ra4+ 81. Kd5 Rxf4 82. Rxf4 Kxf4 83. e6 g3 84. e7 g2 85. e8=Q g1=Q 86.
Qf8+ Kg3 87. Qg7+ Kf2 88. Qxg1+ Kxg1 1/2-1/2

[Event "ch-USA w 2025"]
[Site "Saint Louis USA"]
[Date "2025.10.20"]
[Round "8.2"]
[White "Sargsyan, Anna M."]
[Black "Pourkashiyan, Atousa"]
[Result "1/2-1/2"]
[WhiteTitle "IM"]
[BlackTitle "WGM"]
[WhiteElo "2369"]
[BlackElo "2291"]
[WhiteFideId "13308130"]
[BlackFideId "12502014"]
[EventDate "2025.10.12"]

1. d4 Nf6 2. c4 e6 3. Nc3 Bb4 4. e3 O-O 5. Bd3 d5 6. Ne2 dxc4 7. Bxc4 c5 8. a3
cxd4 9. exd4 Bd6 10. O-O Bxh2+ 11. Kxh2 Qc7+ 12. Bf4 Qxc4 13. Rc1 Qa6 14. Rh1
Nbd7 15. Kg1 b6 16. b4 b5 17. Ng3 Bb7 18. Bg5 Rfc8 19. Nh5 Nxh5 20. Qxh5 Nf8 21.
a4 bxa4 22. Be7 Qd3 23. Bc5 Qd2 24. Qd1 Qxd1+ 25. Rxd1 Bc6 26. Ra1 Nd7 27. Kh2
Nxc5 28. dxc5 Rab8 29. Rhb1 Kf8 30. f3 a6 31. Kg3 Rb7 32. Nxa4 Bxa4 33. Rxa4
Rxc5 34. bxc5 Rxb1 35. Rxa6 Rc1 36. c6 Ke7 37. Kf4 Kf6 38. g4 h6 39. Ke4 Rc4+
40. Kd3 Rc1 41. Ke4 g6 42. Rb6 h5 43. gxh5 gxh5 44. Kf4 Rc4+ 45. Kg3 Rc3 46. Ra6
Kg6 47. Rb6 h4+ 48. Kg4 Rc4+ 49. f4 f5+ 50. Kh3 Kh5 51. c7 Rxc7 52. Rxe6 Rc3+
53. Kg2 Kg4 54. Ra6 Rc2+ 55. Kg1 Kxf4 56. Ra4+ Kg3 57. Ra3+ Kg4 58. Ra4+ f4 59.
Ra3 Re2 60. Rb3 Re3 61. Rb2 Kf3 62. Rf2+ Ke4 63. Ra2 Kf3 64. Rf2+ Kg4 65. Ra2
Rg3+ 66. Kh2 h3 67. Ra8 Rg2+ 68. Kh1 Re2 69. Kg1 Kg3 70. Rg8+ Kf3 71. Ra8 Re1+
72. Kh2 Kf2 73. Ra2+ Re2 74. Ra4 f3 75. Kxh3 Kf1 76. Kg3 f2 77. Kf3 Re8 78. Ra1+
Re1 79. Ra2 Kg1 80. Rxf2 Rf1 81. Rxf1+ Kxf1 1/2-1/2

[Event "ch-USA w 2025"]
[Site "Saint Louis USA"]
[Date "2025.10.20"]
[Round "8.3"]
[White "Paragua, Megan Althea"]
[Black "Yip, Carissa"]
[Result "0-1"]
[WhiteTitle "FM"]
[BlackTitle "IM"]
[WhiteElo "2259"]
[BlackElo "2452"]
[WhiteFideId "30973007"]
[BlackFideId "2090732"]
[EventDate "2025.10.12"]

1. e4 g6 2. d4 Bg7 3. Ne2 d6 4. g3 Nf6 5. Bg2 O-O 6. O-O c6 7. h3 Nbd7 8. Be3 e5
9. Nd2 exd4 10. Nxd4 Re8 11. c3 d5 12. Bg5 h6 13. Bxf6 Nxf6 14. exd5 Nxd5 15.
N2f3 Nb6 16. Re1 Rxe1+ 17. Qxe1 Qf6 18. Kh2 Bd7 19. Nb3 Re8 20. Qd2 Be6 21. Nfd4
Rd8 22. Nc5 Bc8 23. Qe2 Qd6 24. Ndb3 Qf6 25. Na5 Qg5 26. Naxb7 Bxb7 27. Nxb7 Rd2
28. Qe8+ Bf8 29. Rf1 Rxb2 30. Qxc6 Rxa2 31. h4 Qe5 32. c4 Rc2 33. Bd5 Nxd5 34.
Qxd5 Qe2 35. Kg2 Qxc4 36. Qxc4 Rxc4 37. Ra1 Rc7 38. Rb1 Kg7 39. Rb2 Kf6 40. Na5
Ke5 41. Rb5+ Kd4 42. Rb8 Be7 43. Rb1 Kd3 44. Nb7 Bf6 45. Nd6 Be5 46. Re1 Bxd6
47. Rd1+ Kc4 48. Rxd6 a5 49. h5 gxh5 50. Rxh6 a4 51. Rxh5 a3 52. Ra5 Kb4 53. Ra8
Rc5 54. g4 Ra5 55. Rb8+ Ka4 56. Rb1 a2 57. Re1 Kb3 58. Kg3 a1=Q 59. Rxa1 Rxa1
60. Kf4 Rf1 61. f3 Kc4 62. Ke4 Kc5 63. f4 Kd6 0-1

[Event "ch-USA w 2025"]
[Site "Saint Louis USA"]
[Date "2025.10.20"]
[Round "8.4"]
[White "Krush, Irina"]
[Black "Cervantes Landeiro, Thalia"]
[Result "1-0"]
[WhiteTitle "GM"]
[BlackTitle "FM"]
[WhiteElo "2388"]
[BlackElo "2311"]
[WhiteFideId "2012782"]
[BlackFideId "3520498"]
[EventDate "2025.10.12"]

1. c4 e5 2. Nc3 Nf6 3. Nf3 Nc6 4. e3 Bb4 5. Qc2 a5 6. b3 d6 7. Bb2 Bxc3 8. Qxc3
O-O 9. Be2 Bg4 10. h3 Bh5 11. d3 Re8 12. g4 Bg6 13. Nh4 d5 14. Nxg6 hxg6 15.
cxd5 Qxd5 16. O-O a4 17. bxa4 Rxa4 18. a3 g5 19. Rac1 Qe6 20. Bd1 Ra6 21. Bf3
Rb6 22. Rb1 Nd7 23. Ba1 Ra8 24. Rfc1 Qd6 25. Rxb6 cxb6 26. Bb2 Nc5 27. Rd1 Na4
28. Qb3 Nxb2 29. Qxb2 Ra6 30. Rb1 Nd8 31. Qb4 Qxb4 32. axb4 Ra3 33. Be4 Kf8 34.
Kg2 Ke7 35. Kg3 Kd6 36. h4 gxh4+ 37. Kxh4 b5 38. Rc1 Nc6 39. Rc5 Nxb4 40. Rxb5
Nc6 41. Rxb7 Nd8 42. Rb5 f6 43. Kh5 Ra2 44. Kg6 Rxf2 45. Kxg7 Ke7 46. Bf5 Rf3
47. Rb6 Rxe3 48. Ra6 Ke8 49. Ra7 Nc6 50. Bd7+ Kd8 51. Bxc6 Rxd3 52. Be4 Rd6 53.
Bf5 Ke8 54. Rf7 1-0

[Event "ch-USA w 2025"]
[Site "Saint Louis USA"]
[Date "2025.10.20"]
[Round "8.5"]
[White "Lee, Alice"]
[Black "Abrahamyan, Tatev"]
[Result "1-0"]
[WhiteTitle "IM"]
[BlackTitle "IM"]
[WhiteElo "2409"]
[BlackElo "2407"]
[WhiteFideId "30941822"]
[BlackFideId "13301918"]
[EventDate "2025.10.12"]

1. d4 d5 2. c4 e6 3. Nf3 Nd7 4. g3 dxc4 5. Bg2 Rb8 6. a4 a6 7. a5 Bd6 8. Nbd2 b5
9. axb6 Nxb6 10. O-O Ne7 11. Nxc4 Nxc4 12. Qa4+ Rb5 13. Qxc4 O-O 14. Ng5 h6 15.
Ne4 Nf5 16. Ra4 e5 17. d5 Bb7 18. Nc3 Rb6 19. Rd1 Re8 20. Be4 Qd7 21. Bb1 Ne7
22. Qh4 f5 23. Qh5 Rf8 24. e4 Bc5 25. Rc4 Bd4 26. Ne2 fxe4 27. Nxd4 exd4 28.
Rcxd4 Rbf6 29. Be3 Nf5 30. Rxe4 Nxe3 31. Rxe3 Qd6 32. f4 Qc5 33. Qe5 Rd6 34. Qc3
Qxc3 35. Rxc3 c6 36. Re1 Kf7 37. Rec1 Rfd8 38. dxc6 Rd1+ 39. Kf2 Bc8 40. Ba2+
Kf6 41. Rxd1 Rxd1 42. Rc2 Ke7 43. Bc4 Kd6 44. Be2 Rh1 45. Kg2 Rb1 46. c7 a5 47.
h3 1-0

[Event "ch-USA w 2025"]
[Site "Saint Louis USA"]
[Date "2025.10.20"]
[Round "8.6"]
[White "Yu, Jennifer"]
[Black "Paikidze, Nazi"]
[Result "0-1"]
[WhiteTitle "FM"]
[BlackTitle "IM"]
[WhiteElo "2256"]
[BlackElo "2297"]
[WhiteFideId "2078341"]
[BlackFideId "13603620"]
[EventDate "2025.10.12"]

1. d4 Nf6 2. c4 e6 3. Nc3 Bb4 4. e3 O-O 5. Bd3 d5 6. a3 Bxc3+ 7. bxc3 dxc4 8.
Bxc4 c5 9. Ne2 Qc7 10. Bd3 Nbd7 11. O-O e5 12. Ng3 Re8 13. Bb2 e4 14. Bc2 Nb6
15. Qb1 Nc4 16. Bc1 Qe7 17. Qb5 Nd6 18. Qxc5 b6 19. Qg5 h6 20. Qh4 Ba6 21. Re1
Rac8 22. Bd1 Nd5 23. Qxe7 Rxe7 24. a4 Nc4 25. Bg4 Rcc7 26. f3 Nxc3 27. fxe4 Nxe4
28. Nxe4 Rxe4 29. Bf5 Re8 30. Bd3 Bb7 31. e4 Nd6 32. e5 Nc8 33. Bb2 Ne7 34. a5
Bd5 35. axb6 axb6 36. Ra6 b5 37. Ba3 Bc4 38. Be4 b4 39. Ra5 bxa3 40. d5 Ng6 41.
d6 Rd7 42. Bc6 Rxe5 43. Rexe5 Nxe5 44. Bxd7 Nxd7 45. Rxa3 Be6 46. Kf2 Ne5 47.
Ra5 f6 48. Ra7 Bd7 49. h3 h5 50. Kg3 Kf7 51. h4 Ke6 52. Ra6 Bc6 53. d7 Ke7 54.
d8=Q+ Kxd8 55. Ra7 Bd7 56. Kf2 Ke7 57. g3 Ke6 58. Rb7 Kf5 59. Rb8 Be6 60. Kg2
Kg4 61. Rb4+ Bc4 62. Ra4 Kf5 63. Ra7 g6 64. Ra5 Ke4 65. Ra4 f5 66. Rb4 f4 67.
gxf4 Kxf4 68. Kh3 Kf3 69. Ra4 Be6+ 70. Kh2 Ng4+ 71. Kh3 Nf2+ 72. Kh2 Ne4 73. Ra1
Bf5 74. Rg1 Kf4 75. Rg2 Bg4 76. Ra2 Bf5 77. Rg2 Nf6 78. Rg1 Nd5 79. Rg2 Ne3 80.
Rg1 Kf3 81. Ra1 Ng4+ 82. Kh3 Nf6+ 83. Kh2 Kg4 84. Ra4+ Ne4 85. Kg2 Kxh4 86. Kf3
Kg5 87. Ra8 Nf6 88. Ra5 Nd7 89. Ra4 Bg4+ 90. Kg3 h4+ 91. Kh2 Ne5 92. Ra5 Kf5 93.
Kg2 g5 94. Ra4 Bf3+ 95. Kh3 Bg4+ 96. Kg2 Be2 97. Kf2 Bc4 98. Ra8 g4 99. Rh8 Kg5
100. Rd8 Ng6 101. Rd4 Be6 102. Ke3 Bf5 103. Kf2 Nf4 104. Rd8 g3+ 105. Kf3 g2
106. Kf2 h3 107. Rh8 Kg4 108. Rg8+ Bg6 109. Rh8 Nd3+ 110. Kg1 Ne5 111. Kf2 Nf3 0-1

[Event "ch-USA w 2025"]
[Site "Saint Louis USA"]
[Date "2025.10.22"]
[Round "9.1"]
[White "Paikidze, Nazi"]
[Black "Paragua, Megan Althea"]
[Result "1/2-1/2"]
[WhiteTitle "IM"]
[BlackTitle "FM"]
[WhiteElo "2297"]
[BlackElo "2259"]
[WhiteFideId "13603620"]
[BlackFideId "30973007"]
[EventDate "2025.10.12"]

1. d4 Nf6 2. c4 e6 3. g3 d5 4. Nf3 Be7 5. Bg2 O-O 6. Nc3 b6 7. cxd5 exd5 8. O-O
Bb7 9. Ne5 c6 10. e4 dxe4 11. Nxe4 Nd5 12. Nc3 Bf6 13. Qb3 Bxe5 14. dxe5 Nd7 15.
Nxd5 cxd5 16. Rd1 Nxe5 17. Bf4 Ng6 18. Bxd5 Bxd5 19. Rxd5 Qf6 20. Bg5 Qe6 21.
Rad1 h6 22. Be3 Ne5 23. Bf4 Ng6 24. Bd6 Rfe8 25. h4 Ne7 26. Bxe7 Rxe7 27. Rd8+
Rxd8 28. Rxd8+ Kh7 29. Qxe6 Rxe6 30. Rd7 Re2 31. Rxf7 a5 32. b3 Rxa2 33. Rb7 Rb2
34. Rxb6 a4 35. b4 a3 36. Ra6 Rxb4 37. Rxa3 h5 38. Ra5 Kh6 39. Ra6+ Kh7 40. Kg2
Rb3 41. Re6 Ra3 42. Re3 Ra2 43. Rb3 Kg6 44. Kf3 Ra4 45. Ke3 Kh6 46. Rb6+ Kh7 47.
Rd6 Rb4 48. Rd4 Rb2 49. f3 Rb7 50. Rd5 Kh6 51. Ke4 Rb4+ 52. Rd4 Rb6 53. Ke5 Rb5+
54. Kf4 Rb6 55. Re4 Rf6+ 56. Ke3 Rg6 57. g4 hxg4 58. fxg4 Ra6 59. Re5 Kg6 60.
Kf4 Kf6 61. Rf5+ Kg6 62. Kg3 Ra3+ 63. Rf3 Ra5 64. Re3 Rb5 65. Kf4 Kf6 66. Re4
Rb1 67. g5+ Kg6 68. Ke5 Kh5 69. Rf4 Rh1 70. Rf7 Kg6 71. Rf4 Kh5 1/2-1/2

[Event "ch-USA w 2025"]
[Site "Saint Louis USA"]
[Date "2025.10.22"]
[Round "9.2"]
[White "Cervantes Landeiro, Thalia"]
[Black "Yu, Jennifer"]
[Result "0-1"]
[WhiteTitle "FM"]
[BlackTitle "FM"]
[WhiteElo "2311"]
[BlackElo "2256"]
[WhiteFideId "3520498"]
[BlackFideId "2078341"]
[EventDate "2025.10.12"]

1. d4 d5 2. Nf3 Nf6 3. Bf4 c5 4. e3 e6 5. Nbd2 Qb6 6. dxc5 Bxc5 7. a4 Nc6 8. Nb3
Be7 9. a5 Qd8 10. c3 Nh5 11. Ne5 Nxf4 12. exf4 O-O 13. Bd3 Qc7 14. Qe2 Bd6 15.
Nxc6 bxc6 16. g3 f6 17. O-O e5 18. fxe5 fxe5 19. Bc2 Rb8 20. Rab1 g6 21. c4 Ba6
22. Nd2 Bc5 23. Qg4 Bc8 24. Qe2 Bh3 25. cxd5 Bxf1 26. Rxf1 cxd5 27. Bb3 Kh8 28.
Kg2 Bd4 29. Qd3 Qxa5 30. Nf3 Qb5 31. Qxb5 Rxb5 32. Nxd4 exd4 33. Bd1 Rxb2 34.
Bf3 d3 35. Rd1 d2 36. Bxd5 a5 37. Kf1 a4 38. Ke2 a3 0-1

[Event "ch-USA w 2025"]
[Site "Saint Louis USA"]
[Date "2025.10.22"]
[Round "9.3"]
[White "Zatonskih, Anna"]
[Black "Lee, Alice"]
[Result "1-0"]
[WhiteTitle "IM"]
[BlackTitle "IM"]
[WhiteElo "2310"]
[BlackElo "2409"]
[WhiteFideId "14101572"]
[BlackFideId "30941822"]
[EventDate "2025.10.12"]

1. d4 d5 2. c4 e6 3. Nc3 dxc4 4. e4 c5 5. d5 Nf6 6. Bxc4 exd5 7. exd5 a6 8. Nf3
Bd6 9. Qe2+ Be7 10. O-O O-O 11. Re1 Re8 12. Bg5 Nbd7 13. a4 h6 14. Bh4 Bd6 15.
Qc2 Ne5 16. Nxe5 Bxe5 17. d6 Qxd6 18. Rad1 Bxh2+ 19. Kh1 Rxe1+ 20. Rxe1 Be5 21.
Ne4 Nxe4 22. Qxe4 Qd4 23. f4 Qxe4 24. Rxe4 Bxb2 25. Re8+ Kh7 26. Bxf7 g5 27.
fxg5 hxg5 28. Bxg5 Bd4 29. Bd5 Kg7 30. Kh2 Bf2 31. g3 Bd4 32. Bf4 Kg6 33. g4 Bf2
34. Kg2 Bh4 35. Bd6 Kg5 36. Bf3 Kf6 37. Bxc5 Kf7 38. Rf8+ Ke6 39. a5 Kd7 40. Bb6
Be7 41. Rg8 Ke6 42. Kg3 Rb8 43. Bc7 Ra8 44. g5 Bxg5 45. Bg4+ Kd5 46. Bxc8 Kd4
47. Bb6+ Kc3 48. Kf3 Bd2 49. Ke4 Kb4 50. Kd5 Bf4 51. Re8 Bh2 52. Rf8 Rb8 53. Rh8
Bg3 54. Rg8 Bh2 55. Ke6 Kc3 56. Kd7 Ra8 57. Bc7 Kb4 58. Rg4+ Kb5 59. Rg5+ 1-0

[Event "ch-USA w 2025"]
[Site "Saint Louis USA"]
[Date "2025.10.22"]
[Round "9.4"]
[White "Abrahamyan, Tatev"]
[Black "Sargsyan, Anna M."]
[Result "1/2-1/2"]
[WhiteTitle "IM"]
[BlackTitle "IM"]
[WhiteElo "2407"]
[BlackElo "2369"]
[WhiteFideId "13301918"]
[BlackFideId "13308130"]
[EventDate "2025.10.12"]

1. e4 c6 2. Nf3 d5 3. Nc3 Bg4 4. d4 dxe4 5. Nxe4 Nd7 6. h3 Bxf3 7. Qxf3 Ngf6 8.
Bd3 Nxe4 9. Qxe4 Nf6 10. Qh4 e6 11. O-O h6 12. Re1 Bd6 13. Bg5 Be7 14. c3 Qb6
15. b4 a5 16. a3 Qa7 17. b5 c5 18. Rab1 Qb6 19. dxc5 Qxc5 20. Bxf6 Bxf6 21. Qe4
Qb6 22. Rbc1 Rd8 23. Red1 Ke7 24. Be2 Rxd1+ 25. Bxd1 Rc8 26. Bf3 Rc7 27. a4 Qc5
28. c4 Bd4 29. Qe2 f5 30. g3 Kf6 31. Kg2 Re7 32. Re1 e5 33. Bd5 Qb4 34. Qd1 Qc3
35. Re2 b6 36. Rd2 Bc5 37. Rd3 Qb4 38. g4 e4 39. Qa1+ Kg6 40. gxf5+ Kxf5 41. Qd1
exd3 42. Qxd3+ Kf6 43. Qf3+ Kg6 44. Qd3+ Kf6 45. Qf3+ Kg6 46. Qd3+ Kf6 1/2-1/2

[Event "ch-USA w 2025"]
[Site "Saint Louis USA"]
[Date "2025.10.22"]
[Round "9.5"]
[White "Pourkashiyan, Atousa"]
[Black "Krush, Irina"]
[Result "0-1"]
[WhiteTitle "WGM"]
[BlackTitle "GM"]
[WhiteElo "2291"]
[BlackElo "2388"]
[WhiteFideId "12502014"]
[BlackFideId "2012782"]
[EventDate "2025.10.12"]

1. e4 c5 2. Nf3 e6 3. d4 cxd4 4. Nxd4 Nc6 5. Nc3 a6 6. Be2 d6 7. O-O Nf6 8. Be3
Be7 9. f4 O-O 10. Kh1 Bd7 11. Qe1 b5 12. a3 Nxd4 13. Bxd4 Bc6 14. Qg3 g6 15. Bd3
Nh5 16. Qf2 Nxf4 17. Qxf4 e5 18. Bxe5 dxe5 19. Qxe5 Bd6 20. Qf6 Qc7 21. Qh4 Rae8
22. Rad1 Re5 23. Be2 Rfe8 24. Bf3 a5 25. Qf2 h5 26. Nd5 Bxd5 27. exd5 Qe7 28.
Qd4 h4 29. c3 Re3 30. Qg4 Kh7 31. g3 hxg3 32. hxg3 f5 33. Qh4+ Kg7 34. Qxe7+
R8xe7 35. g4 Kf6 36. Kg2 Rh7 37. Rde1 Rh2+ 38. Kg1 Rxb2 39. gxf5 Rxe1 40. Rxe1
Bc5+ 41. Kh1 Kxf5 42. Re2 Bxa3 43. Re8 Kf4 44. Bg2 Bc5 45. Kh2 a4 46. Ra8 a3 47.
Ra6 g5 48. Rf6+ Kg4 49. Ra6 a2 50. c4 bxc4 51. Ra4 Bd6+ 52. Kg1 Rb1+ 0-1

[Event "ch-USA w 2025"]
[Site "Saint Louis USA"]
[Date "2025.10.22"]
[Round "9.6"]
[White "Yip, Carissa"]
[Black "Atwell, Rose"]
[Result "1-0"]
[WhiteTitle "IM"]
[BlackTitle "FM"]
[WhiteElo "2452"]
[BlackElo "2353"]
[WhiteFideId "2090732"]
[BlackFideId "30951011"]
[EventDate "2025.10.12"]

1. e4 e6 2. d4 d5 3. Nc3 Nf6 4. e5 Nfd7 5. Nce2 c5 6. c3 Nc6 7. h4 Be7 8. a3 b5
9. Nf3 b4 10. axb4 cxd4 11. Nexd4 Ncxe5 12. Nxe5 Nxe5 13. Bf4 Ng6 14. Nc6 Qb6
15. Nxe7 Nxe7 16. Be3 Qb7 17. Qa4+ Bd7 18. Qa6 Qc7 19. Bc5 Nc8 20. Be2 f6 21.
O-O Kf7 22. Ra5 e5 23. Rfa1 Bc6 24. Be3 Ne7 25. Qd3 e4 26. Qd4 Nf5 27. Qc5 Rhc8
28. Rxa7 Rxa7 29. Rxa7 Bb7 30. Ba6 Nxe3 31. Qxc7+ Rxc7 32. fxe3 1-0

[Event "ch-USA w 2025"]
[Site "Saint Louis USA"]
[Date "2025.10.23"]
[Round "10.1"]
[White "Yu, Jennifer"]
[Black "Pourkashiyan, Atousa"]
[Result "1/2-1/2"]
[WhiteTitle "FM"]
[BlackTitle "WGM"]
[WhiteElo "2256"]
[BlackElo "2291"]
[WhiteFideId "2078341"]
[BlackFideId "12502014"]
[EventDate "2025.10.12"]

1. c4 e6 2. Nc3 d5 3. d4 Be7 4. cxd5 exd5 5. Bf4 c6 6. e3 Bd6 7. Bxd6 Qxd6 8.
Bd3 Ne7 9. Qc2 b6 10. O-O-O Ba6 11. f3 Bxd3 12. Qxd3 Nd7 13. e4 O-O 14. Nge2
Rfd8 15. e5 Qg6 16. g4 Qxd3 17. Rxd3 c5 18. f4 Rac8 19. Re1 cxd4 20. Rxd4 Nc6
21. Rxd5 Nb4 22. Rd6 Nxa2+ 23. Kb1 Nxc3+ 24. Nxc3 Nc5 25. Red1 Rxd6 26. Rxd6 Kf8
27. Nb5 a6 28. Na3 b5 29. b4 Ne6 30. f5 Nf4 31. f6 Ng6 32. fxg7+ Kxg7 33. e6
fxe6 34. Rxe6 Ra8 35. Kb2 a5 36. bxa5 Rxa5 37. h3 Nf4 38. Re3 Ra7 39. Rf3 Ne6
40. Rf5 b4 41. Nc2 Rf7 42. Rxf7+ Kxf7 43. Nxb4 Ng5 44. Kc3 Nxh3 45. Kd4 Nf2 46.
Ke3 Nxg4+ 47. Kf4 Nf6 48. Kg5 Kg7 49. Nd3 Ne4+ 50. Kh5 h6 51. Nf4 Nf6+ 52. Kh4
Kf7 53. Nh5 Nd5 54. Kg4 Nf6+ 55. Nxf6 Kxf6 56. Kh5 Ke6 57. Kxh6 1/2-1/2

[Event "ch-USA w 2025"]
[Site "Saint Louis USA"]
[Date "2025.10.23"]
[Round "10.2"]
[White "Krush, Irina"]
[Black "Abrahamyan, Tatev"]
[Result "1-0"]
[WhiteTitle "GM"]
[BlackTitle "IM"]
[WhiteElo "2388"]
[BlackElo "2407"]
[WhiteFideId "2012782"]
[BlackFideId "13301918"]
[EventDate "2025.10.12"]

1. c4 Nf6 2. Nc3 g6 3. e4 d6 4. d4 Bg7 5. Be2 Na6 6. Nf3 O-O 7. Be3 e5 8. d5 Ng4
9. Bg5 f6 10. Bh4 g5 11. Bg3 Nh6 12. Nd2 f5 13. exf5 Nxf5 14. O-O Nd4 15. a3 Bf5
16. Nde4 Nxe2+ 17. Qxe2 g4 18. f3 h5 19. b4 h4 20. Be1 gxf3 21. Rxf3 h3 22. Bd2
Qh4 23. Rg3 Rf7 24. Ng5 Qd4+ 25. Kh1 Rf6 26. Rg1 Qh4 27. Ne6 Rg6 28. Rxg6 Bxg6
29. gxh3 Qf6 30. h4 Kh8 31. Nxg7 Rg8 32. Ne6 Qf7 33. Qe3 1-0

[Event "ch-USA w 2025"]
[Site "Saint Louis USA"]
[Date "2025.10.23"]
[Round "10.3"]
[White "Yip, Carissa"]
[Black "Paikidze, Nazi"]
[Result "1-0"]
[WhiteTitle "IM"]
[BlackTitle "IM"]
[WhiteElo "2452"]
[BlackElo "2297"]
[WhiteFideId "2090732"]
[BlackFideId "13603620"]
[EventDate "2025.10.12"]

1. e4 c6 2. d4 d5 3. e5 Bf5 4. Nf3 e6 5. Be2 Ne7 6. O-O h6 7. Nbd2 Nd7 8. c3 g5
9. Re1 Qc7 10. a4 Bg7 11. Nf1 c5 12. dxc5 Nxe5 13. Nd4 O-O 14. Ng3 Bg6 15. Nh5
Bxh5 16. Bxh5 Nd7 17. h4 g4 18. Bxg4 Nxc5 19. Be3 Ng6 20. h5 Ne7 21. Nb5 Qc6 22.
Bd4 f5 23. Bf3 Ne4 24. Bxg7 Kxg7 25. Qd4+ Rf6 26. Nxa7 Qd7 27. Nb5 Nc6 28. Qb6
Rc8 29. Rad1 Qe7 30. Be2 e5 31. Rxd5 Nd4 32. Nxd4 Qf7 33. Qb5 Nd6 34. Rxd6 Rxd6
35. Qxe5+ Rf6 36. Nxf5+ Kh7 37. Nd6 1-0

[Event "ch-USA w 2025"]
[Site "Saint Louis USA"]
[Date "2025.10.23"]
[Round "10.4"]
[White "Atwell, Rose"]
[Black "Lee, Alice"]
[Result "1/2-1/2"]
[WhiteTitle "FM"]
[BlackTitle "IM"]
[WhiteElo "2353"]
[BlackElo "2409"]
[WhiteFideId "30951011"]
[BlackFideId "30941822"]
[EventDate "2025.10.12"]

1. e4 e5 2. Nf3 Nc6 3. Bc4 Bc5 4. c3 Nf6 5. d3 d6 6. h3 Bb6 7. a4 a6 8. b4 Ne7
9. a5 Ba7 10. Be3 Bxe3 11. fxe3 Ng6 12. O-O c6 13. Nbd2 O-O 14. Ba2 d5 15. Qc2
Kh8 16. exd5 Nxd5 17. Nc4 Qe7 18. e4 Ndf4 19. Kh2 f6 20. Nb6 Rb8 21. Nxc8 Rbxc8
22. Bc4 Rcd8 23. g3 Ne6 24. h4 Qd7 25. Qg2 Nc7 26. h5 Ne7 27. Qh3 Qxh3+ 28. Kxh3
g6 29. h6 Ng8 30. Bxg8 Kxg8 31. d4 exd4 32. cxd4 Nb5 33. Rad1 Rfe8 34. d5 cxd5
35. Rxd5 Rxd5 36. exd5 Rd8 37. Nh2 Kf7 38. Ng4 f5 39. Ne3 Kf6 40. g4 Re8 41. Ng2
Re4 42. gxf5 g5 43. Re1 Rxe1 44. Nxe1 Kxf5 45. Nd3 Nd6 46. Nc5 Kg6 47. b5 Nxb5
48. Nxb7 Kf5 49. Nc5 Ke5 50. Nxa6 Kxd5 51. Kg4 Nd6 52. Nb4+ Kc5 53. Nd3+ Kb5 54.
Ne5 Nc8 55. Ng6 Nd6 56. Nh8 Nc8 57. Kxg5 Ne7 58. Kf6 Ng8+ 59. Kg7 Nxh6 60. Kxh6
Kxa5 61. Kxh7 1/2-1/2

[Event "ch-USA w 2025"]
[Site "Saint Louis USA"]
[Date "2025.10.23"]
[Round "10.5"]
[White "Sargsyan, Anna M."]
[Black "Zatonskih, Anna"]
[Result "1-0"]
[WhiteTitle "IM"]
[BlackTitle "IM"]
[WhiteElo "2369"]
[BlackElo "2310"]
[WhiteFideId "13308130"]
[BlackFideId "14101572"]
[EventDate "2025.10.12"]

1. d4 d5 2. c4 e6 3. Nc3 Nf6 4. cxd5 exd5 5. Bg5 c6 6. e3 h6 7. Bh4 Be7 8. Bd3
Nbd7 9. Nf3 Nh5 10. Bxe7 Qxe7 11. O-O Nhf6 12. Rb1 a5 13. a3 O-O 14. Qc2 Nb6 15.
Ne5 Ng4 16. Nf3 Be6 17. b4 axb4 18. axb4 Nf6 19. b5 c5 20. dxc5 Qxc5 21. Rfc1
Rfc8 22. Qd2 Qd6 23. h3 Rc7 24. Ne2 Rac8 25. Rxc7 Rxc7 26. Nf4 Bd7 27. Nd4 Qc5
28. Qe2 Qa3 29. Rb3 Qd6 30. Rb1 Qa3 31. Qd1 Rc8 32. Bf5 Qd6 33. Qf3 Rc7 34. g4
Bxf5 35. Nxf5 Qe5 36. Rd1 Rc2 37. Nd3 Qc3 38. Kg2 Kh7 39. Nd4 Rd2 40. Rxd2 Qxd2
41. Ne5 Kg8 42. Nf5 Nbd7 43. Nxd7 Nxd7 44. Qf4 Nc5 45. Ne7+ Kf8 46. Ng6+ Ke8 47.
Qb8+ Kd7 48. Ne5+ Ke7 49. Qc7+ Ke6 50. Qxc5 Kxe5 51. Qe7# 1-0